Η ελαιοκράμβη (Brassica napus L.) ως ενεργειακό φυτό για την παραγωγή βιοντήζελ

Αποθηκεύτηκε σε:
Λεπτομέρειες βιβλιογραφικής εγγραφής
Κύριος συγγραφέας: Ορνιθά, Χρυσούλα
Συγγραφή απο Οργανισμό/Αρχή: Πανεπιστήμιο Αιγαίου Σχολή Περιβάλλοντος Τμήμα Περιβάλλοντος Πρόγραμμα Μεταπτυχιακών Σπουδών Γεωργία και Περιβάλλον
Μορφή: Thesis Βιβλίο
Γλώσσα:Greek
Δημοσίευση: 2007.
Θέματα:
Ετικέτες: Προσθήκη ετικέτας
Δεν υπάρχουν, Καταχωρήστε ετικέτα πρώτοι!

MARC

LEADER 00000cam a2200000 i 4500
001 1/1128
008 090827s2007 gr | ||| |||| ||gre||
035 |l 10105483 
040 |a GR-MyUa  |b gre  |e AACR2 
041 0 |a gre 
082 7 |a 662.88   |2 (22) 
100 1 |a Ορνιθά, Χρυσούλα. 
245 1 2 |a Η ελαιοκράμβη (Brassica napus L.) ως ενεργειακό φυτό για την παραγωγή βιοντήζελ /   |c Ορνιθά Χρυσούλα ; υπεύθυνος καθηγητής: Ν.Γ. Δαναλάτος. 
260 |c 2007. 
300 |a 121 σ. :   |b πιν. ;   |c 30 εκ. 
502 |a Διατριβή (μεταπτυχιακή) – Πανεπιστήμιο Αιγαίου, Λέσβος, 2007. 
504 |a Βιβλιογραφία: σ. 101-121. 
650 0 0 |a Energy crops. 
650 0 0 |a Biogas. 
650 0 0 |a Biomass energy. 
650 0 0 |a Agriculture and energy. 
650 0 0 |a Dissertations, Academic  |z Greece. 
700 1 |a Δαναλάτος, Νίκος,  |e dgs 
710 2 |a Πανεπιστήμιο Αιγαίου  |b Σχολή Περιβάλλοντος  |b Τμήμα Περιβάλλοντος  |b Πρόγραμμα Μεταπτυχιακών Σπουδών Γεωργία και Περιβάλλον. 
852 |a INST  |b LESVOS  |c DIATR  |e 20090827  |h 277  |p 005100045139  |q 005100045139  |t MTXE  |y 23 
852 |a INST  |b LESVOS  |c DIATR  |e 20090827  |h 278  |p 005100045138  |q 005100045138  |t MTXE  |y 23 
901 |a BIBL1-2009-2 
924 |a Ορνιθά  |b Χρυσούλα  |y Λέσβος  |z 2009-02 
970 |a ΤΖΑΦΕΡΗ  |b ΕΥΑΓΓΕΛΙΑ  |z 2009/08/27